| 000 -LEADER |
| fixed length control field |
01930cam a22004337a 4500 |
| 001 - CONTROL NUMBER |
| control field |
14450117 |
| 005 - DATE AND TIME OF LATEST TRANSACTION |
| control field |
20170105102844.0 |
| 008 - FIXED-LENGTH DATA ELEMENTS--GENERAL INFORMATION |
| fixed length control field |
060713s2005 enka b 000 0 eng d |
| 010 ## - LIBRARY OF CONGRESS CONTROL NUMBER |
| LC control number |
2006531125 |
| 020 ## - INTERNATIONAL STANDARD BOOK NUMBER |
| International Standard Book Number |
1844072258 |
| 035 ## - SYSTEM CONTROL NUMBER |
| System control number |
(CStRLIN)PASGA2949301-B |
| 035 ## - SYSTEM CONTROL NUMBER |
| System control number |
(PSt) (Sirsi) a2949301 |
| 040 ## - CATALOGING SOURCE |
| Original cataloging agency |
BID |
| Transcribing agency |
BID |
| Modifying agency |
OUN |
| -- |
IXA |
| -- |
BAKER |
| -- |
TJC |
| -- |
DLC |
| 042 ## - AUTHENTICATION CODE |
| Authentication code |
lccopycat |
| 043 ## - GEOGRAPHIC AREA CODE |
| Geographic area code |
d------ |
| 050 00 - LIBRARY OF CONGRESS CALL NUMBER |
| Classification number |
RA644.A25 |
| Item number |
C595 2005 |
| 082 00 - DEWEY DECIMAL CLASSIFICATION NUMBER |
| Classification number |
362.19697920091724 |
| Edition number |
22 |
| 245 00 - TITLE STATEMENT |
| Title |
Combating AIDS in the developing world / |
| Statement of responsibility, etc. |
Josh Ruxin, Agnes Binagwaho, Paul A. Wilson. |
| 246 1# - VARYING FORM OF TITLE |
| Title proper/short title |
On title page: UN Millennium Project 2005, Task Force on HIV/AIDS, Malaria, TB, and Access to Essential Medicines, Working Group on HIV/AIDS |
| 246 30 - VARYING FORM OF TITLE |
| Title proper/short title |
UN Millennium Project 2005 |
| 246 30 - VARYING FORM OF TITLE |
| Title proper/short title |
Task Force on HIV/AIDS, Malaria, TB, and Access to Essential Medicines |
| 246 30 - VARYING FORM OF TITLE |
| Title proper/short title |
Working Group on HIV/AIDS |
| 260 ## - PUBLICATION, DISTRIBUTION, ETC. |
| Place of publication, distribution, etc. |
London ; |
| -- |
Sterling, Va. : |
| Name of publisher, distributor, etc. |
Earthscan, |
| Date of publication, distribution, etc. |
c2005. |
| 300 ## - PHYSICAL DESCRIPTION |
| Extent |
xvii, 176 p. : |
| Other physical details |
ill., maps ; |
| Dimensions |
26 cm. |
| 500 ## - GENERAL NOTE |
| General note |
Sponsored by the United Nations Development Programme on behalf of the UN Development Group. |
| 504 ## - BIBLIOGRAPHY, ETC. NOTE |
| Bibliography, etc. note |
Includes bibliographical references (p. [152]-176). |
| 610 20 - SUBJECT ADDED ENTRY--CORPORATE NAME |
| Corporate name or jurisdiction name as entry element |
UN Millennium Project. |
| 650 #0 - SUBJECT ADDED ENTRY--TOPICAL TERM |
| Topical term or geographic name entry element |
AIDS (Disease) |
| Geographic subdivision |
Developing countries |
| General subdivision |
Prevention. |
| 650 #0 - SUBJECT ADDED ENTRY--TOPICAL TERM |
| Topical term or geographic name entry element |
AIDS (Disease) |
| General subdivision |
Prevention |
| -- |
International cooperation. |
| 650 #0 - SUBJECT ADDED ENTRY--TOPICAL TERM |
| Topical term or geographic name entry element |
AIDS (Disease) |
| General subdivision |
Treatment. |
| 700 1# - ADDED ENTRY--PERSONAL NAME |
| Personal name |
Ruxin, Josh. |
| 700 1# - ADDED ENTRY--PERSONAL NAME |
| Personal name |
Binagwaho, Agnes. |
| 700 1# - ADDED ENTRY--PERSONAL NAME |
| Personal name |
Wilson, Paul A., |
| Dates associated with a name |
1935- |
| 710 2# - ADDED ENTRY--CORPORATE NAME |
| Corporate name or jurisdiction name as entry element |
UN Millennium Project. |
| Subordinate unit |
Task Force on HIV/AIDS, Malaria, TB, and Access to Essential Medicines. |
| -- |
Working Group on HIV/AIDS. |
| 856 42 - ELECTRONIC LOCATION AND ACCESS |
| Materials specified |
Contributor biographical information |
| Uniform Resource Identifier |
<a href="http://www.loc.gov/catdir/enhancements/fy1111/2006531125-b.html">http://www.loc.gov/catdir/enhancements/fy1111/2006531125-b.html</a> |
| 906 ## - LOCAL DATA ELEMENT F, LDF (RLIN) |
| a |
7 |
| b |
cbc |
| c |
copycat |
| d |
2 |
| e |
ncip |
| f |
20 |
| g |
y-gencatlg |
| 942 ## - ADDED ENTRY ELEMENTS (KOHA) |
| Source of classification or shelving scheme |
|
| Koha item type |
Book |